00000000nam 2200000za 4500
0019.650299
003CaOODSP
00520250103094319
007ta
008150407|2007||||xxc|||||     f|0| 0 eng d
020 |a978-0-660-19652-7
040 |aCaOODSP|beng
043 |an-cn---
0861 |aR62-389/2007E
1102 |aParks Canada.
24514|aThe underwater archaeology of Red Bay : |bBasque shipbuilding and whaling in the 16th century / |cEdited by Robert Grenier, Marc-André Bernier, Willis Stevens.
260 |aOttawa - Ontario : |bParks Canada |c2007.
300 |axxiv, 254p.; x, 245p.; x, 319p.; x, 391p.; x, 288p. : |bmarine charts, coloured plates, glossary, illus. (some coloured), maps, tables, photographs ; |c31 cm. + |eFolded sheets of oversize figures in back pocket of v. 1 and v. 3.
500 |aComplete contents: v. 1. Archaeology underwater: the project -- v. 2. Material culture -- v. 3. The 24M hull -- v. 4. Rigging, vessel use and related studies -- v. 5. Appendices, glossary and bibliography.
504 |aBibliography.
5203 |aIn 1978 Parks Canada underwater archaeologists discovered the wreck of a 16th-century Basque whaling vessel in Red Bay, Labrador, believed to be the San Juan (1565). This five-volume publication is the culmination of over 25 years of research by associates and members of Parks Canada’s Underwater Archaeology Service. It describes not only the underwater archaeology as practiced at Red Bay but also 16th-century ship construction, whaling and material cultural studies.
563 |aHardcover
590 |a08-15|b2008-04-11
69007|aShipbuilding|2gcpds
69007|aArchaeology|2gcpds
69007|aWhaling|2gcpds
77508|tL'archéologie subaquatique de Red Bay : |w(CaOODSP)9.683415
7760#|tThe underwater archaeology of Red Bay : |w(CaOODSP)9.946496